Basic engineering circuit analysis (Record no. 177349)

000 -LEADER
fixed length control field 00391nam a2200133Ia 4500
008 - FIXED-LENGTH DATA ELEMENTS--GENERAL INFORMATION
fixed length control field 220217s9999||||xx |||||||||||||| ||und||
020 ## - INTERNATIONAL STANDARD BOOK NUMBER
International Standard Book Number 9812-53-227-7
082 ## - DEWEY DECIMAL CLASSIFICATION NUMBER
Classification number 621.381 32 IRW
100 ## - MAIN ENTRY--PERSONAL NAME
Personal name Irwin, David, J. and Nelms, Mark, R
9 (RLIN) 6031
245 #0 - TITLE STATEMENT
Title Basic engineering circuit analysis
260 ## - PUBLICATION, DISTRIBUTION, ETC.
Place of publication, distribution, etc. John wiely and sons, Inc.
Name of publisher, distributor, etc. New York
Date of publication, distribution, etc. 2006
300 ## - PHYSICAL DESCRIPTION
Other physical details 519
650 ## - SUBJECT ADDED ENTRY--TOPICAL TERM
Topical term or geographic name entry element CIRCUITRY
Holdings
Withdrawn status Lost status Damaged status Not for loan Collection code Home library Current library Shelving location Date acquired Full call number Barcode Date last seen Price effective from Koha item type
        Electronics and Communication Engineering Central Library Central Library Book Cart 02/18/2022 621.381 32 IRW 12538 02/18/2022 02/18/2022 Books

Powered by Koha